000 00770nas a2200253 4500
001 BR2015001604
003 BR-BrBNA
005 20231205125131.0
007 ta
008 230509b bl.|||p| |||| 00| 00por d
040 _aBR-BrBNA
_bpor
_cBiblioteca Nacional de Agricultura
041 _a(En)
072 _aF60; Q04
100 1 _aMontes, O.
100 1 _aDiánez, F.
100 1 _aCamacho, F.
245 1 _aDoses of caffeine on the development and performance of pepper crops under greenhouse
650 _aPIMENTA
650 _aCAFEÍNA
650 _aANÁLISE QUÍMICA
773 0 _tHorticultura Brasileira (Brazil)
_xISSN 0102-0536
_g(Oct-Dec 2014), v. 32(4) p. 398-403
_wBR2015001604
909 _a202311
_bLúcia
_c55
_dLúcia Elande
942 _2AGRIS
_n0
_cANA
999 _c242828
_d242828